00776nam a2200193 i 450000500170000000800410001704000270005804100080008504400070009308200210010010000220012124501770014326000390032030000490035950400420040865000490045065000480049970000350054720160105041158.0160105b ck a | |||| 00| 0 spa d aCO-BoIAVH cCO-BoIAVH  aspa ack04a598.098619bM16o1 aMcNish M., Thomas13aLa Orinoquia y sus avesbuna introducción biogeografía a la avifauna del Llano de Colombia y VenezuelacThomas McNish ; fotogradia F. Gary Stiles y (6 fotógrafos mas) aBogotábEditor desconocidoc1999 a251 páginasbilustraciones a colorc24 cm. aIncluye referencias bibliográficas.14aAvesxIdentificaciónzRegión Orinoquía24aAvesxClasificaciónzRegión Orinoquía1 aStiles, F. Gary efotógrafo